Statistiken für RE4-Haltestellen (NRW)

Klicken Sie hier um das Quiz zu spielen!

Allgemein

  • Dieses Quiz wurde 66 mal gespielt
  • Das Durchschnittsergebnis liegt bei 17 aus 24

Antwortstatistiken

HintAntwort% Korrekt
RE4Düsseldorf Hauptbahnhof
96%
RE4Aachen Hauptbahnhof
94%
RE4Dortmund Hauptbahnhof
91%
RE4Wuppertal Hauptbahnhof
91%
RE4Mönchengladbach Hauptbahnhof
85%
RE4Hagen Hauptbahnhof
83%
RE4Neuss Hauptbahnhof
83%
RE4Wuppertal Oberbarmen
79%
RE4Düsseldorf Bilk
74%
RE4Wuppertal Vohwinkel
74%
RE4Schwelm
72%
RE4Ennepetal
70%
RE4Wuppertal Barmen
68%
RE4Rheydt Hauptbahnhof
66%
RE4Witten Hauptbahnhof
64%
RE4Geilenkirchen
62%
RE4Aachen West
60%
RE4Erkelenz
57%
RE4Wetter
57%
RE4Aachen Schanz
55%
RE4Herzogenrath
55%
RE4Lindern
49%
RE4Hückelhoven-Baal
47%
RE4Übach-Palenberg
45%

Verteilung der Resultate

Perzentil nach korrekt beantworteten Fragen

Anzahl Personen mit jedem Resultat

Ihre Resultats-Entwicklung

Sie haben dieses Quiz noch nicht gespielt